000 00479nam a2200193Ia 4500
005 20250326142511.0
008 250326s9999 xx 000 0 und d
037 _aTextbook
040 _aFMSL
_beng
_cFMSL
041 _aeng
_2eng
084 _qFMSL
100 _aSadler P
_9737515
245 0 _aDesigning organizations
_cSadler P
250 _aEd 3
260 _aNew Delhi
_bNew Delhi, Kogan Page
_c1999
300 _a169p
942 _cTB
999 _c1295325
_d1295325